000 00480nam a2200193Ia 4500
008 240510s9999 xx 000 0 und d
020 _a0000201633957
041 _aEng
082 _a004.62
082 _bI65
100 _aBRADNER S.O. & MANKIN, A.(ED.)
245 0 _aIPNG INTERNET PROTOCOL NEXT GENERATION
260 _bCALIFORNIA : ADDISION WESLEY
260 _c1996
300 _a307 p.
650 _aINTERENET PROTOCOL : STANDARDS
942 _2ddc
942 _cRBK
999 _c25028
_d25028
945 _a1
_bMadushi Gamage
_c1
_dMadushi Gamage